| 000 | 00419nam a2200133Ia 4500 | ||
|---|---|---|---|
| 008 | 231129s9999||||xx |||||||||||||| ||spa|| | ||
| 020 | _a84-253-3485-3 | ||
| 040 | _bspa | ||
| 082 | _a793.74 A425m | ||
| 100 | _aAllen Robert | ||
| 245 | 0 | _aMensa problemas lógicos y visuales: Más de 200 apasionantes enigmas | |
| 264 | _aBarcelona España: Grijalbo Mondadori | ||
| 942 |
_2ddc _cBKS |
||
| 999 |
_c20986 _d20986 |
||